| 000 | 00313nam a22001097a 4500 | ||
|---|---|---|---|
| 082 |
_a940.543582 _bENG _cL-30, P-27 |
||
| 245 | _aEngineers in the Italian campaign 1943 to 1945 | ||
| 300 |
_axiii, xvi, 101 p. : _bill. : _c10 Cm |
||
| 526 |
_a0 _b0 _c0 _d940_543582000000000_ENG |
||
| 650 |
_aMCE _9379 |
||
| 942 |
_2ddc _cBK |
||
| 999 |
_c551719 _d551719 |
||